[Event "11th Heraklio Open B"]
[Site "?"]
[Date "2007.06.16"]
[Round "8.1"]
[White "Kolomvas, D."]
[Black "Roumeliotis, A."]
[Result "1-0"]
[WhiteElo "1680"]
[BlackElo "1515"]
[PlyCount "65"]
[EventDate "2007.06.17"]
[Source "www.chesslib.no"]
[SourceDate "2004.05.04"]

1. d4 d5 2. c4 c5 3. e3 dxc4 4. Bxc4 cxd4 5. exd4 Qb6 6. Nf3 e6 7. O-O Nf6 8. Nc3 Bb4 9. Bf4 Bxc3 10. bxc3 O-O 11. Qd3 h6 12. Bb3 Bd7 13. Bc2 Bc6 14. Rfe1 Bxf3 15. Qxf3 Rd8 16. Bxh6 Ne8 17. Rab1 Qa5 18. Re5 Qxa2 19. Qd3 Rd7 20. Qh7+ Kf8 21. Bb3 Qxb1+ 22. Qxb1 gxh6 23. Qh7 Nc6 24. Rxe6 fxe6 25. Qxd7 Nd8 26. Bxe6 Nxe6 27. Qxe6 a5 28. Qxh6+ Kf7 29. Qf4+ Nf6 30. Qc7+ Ke8 31. Qxb7 Rd8 32. Qb5+ Nd7 33. Qxa5 1-0